گرد میں اٹے ا:ي؛نے / (Record no. 189735)

MARC details
000 -LEADER
fixed length control field 00754nam a22002057a 4500
005 - DATE AND TIME OF LATEST TRANSACTION
control field 20220712112646.0
010 ## - LCCN (DPL NO)
LC control number UR-11645
020 ## - INTERNATIONAL STANDARD BOOK NUMBER
International Standard Book Number 9789391238360
Terms of availability 300.00
035 ## - SYSTEM CONTROL NUMBER
System control number U-10200
037 ## - SOURCE OF ACQUISITION
Source of stock number/acquisition DBAD/PUB
Stock number -
082 ## - DEWEY DECIMAL CLASSIFICATION NUMBER
Classification number 808.88
100 ## - MAIN ENTRY--PERSONAL NAME
Personal name سر یواستو ، پی ۔ پی
245 ## - TITLE STATEMENT
Title گرد میں اٹے ا:ي؛نے /
Statement of responsibility, etc پی ۔ پی ۔ سریواستو : ترتیب ۔ عالیہ
Medium ا ر د و
246 ## - VARYING FORM OF TITLE
Title proper/short title Gard Mein Atey Aainey (literary articles) /
Remainder of title by P.P. Srivastava : ed. by Aliya
260 ## - PUBLICATION, DISTRIBUTION, ETC. (IMPRINT)
Place of publication, distribution, etc New Delhi
Name of publisher, distributor, etc Educational Publishing House
Date of publication, distribution, etc 2021 ء
270 ## - ADDRESS
Address H.o. D1/16, Ansari Road, Daryaganj
City New Delhi
Postal code 110002
300 ## - PHYSICAL DESCRIPTION
Extent 191 ص
Dimensions 22cm(Hb)
700 ## - ADDED ENTRY--PERSONAL NAME
Personal name عالیہ
942 ## - ADDED ENTRY ELEMENTS (KOHA)
Source of classification or shelving scheme Dewey Decimal Classification
Item type Urdu Bks
Classification part 808.88
Call number suffix س ر ی
Holdings
Withdrawn status Lost status Not for loan Collection code Home library Current library Date acquired Source of acquisition Cost, normal purchase price Full call number Barcode Copy number Cost, replacement price Koha item type
      Non-fiction Central Library Central Library 12/07/2022 DBAD/PUB 300.00 808.88 س ر ی U-10200 1 300.00 Urdu Bks

© Delhi Public Library
Hit Counter
free hit counter